Petit lexique des hérésies chrétiennes

Bibliographic Details
Main Author: Théron, Michel (Author)
Format: Book
Language:French
PhysicalDescription:401 s. 21 cm
Published: Paris Albin Michel c2005
ISBN:2226159029
Subjects:

MARC

LEADER 00000nam a2200000 a 4500
001 vtls008296054
003 SK-MaSNL
005 20260302074141.0
008 240315s2005 fr g d 000 0 fre
020 |a 2226159029  |q (brož.) 
040 |a SNK  |b slo  |c SNK  |e AACR2 
041 0 |a fre 
044 |a fr  |c FR 
072 7 |a 27-9  |x Dejiny kresťanskej cirkvi  |2 konspekt 
080 |a 273.2/.9  |2 MDT-MRF 
080 |a 27/28  |2 MDT-MRF 
080 |a 27-87  |2 MDT-MRF 
080 |a (031)  |2 MDT-MRF 
100 1 |a Théron, Michel  |4 aut  |9 739430 
245 1 0 |a Petit lexique des hérésies chrétiennes  |c Michel Théron 
260 |a Paris  |b Albin Michel  |c c2005 
300 |a 401 s.  |c 21 cm 
650 0 7 |a herézy  |2 SNKPH  |9 58909 
650 0 7 |a cirkevné dejiny  |2 SNKPH  |9 3909 
655 7 |a výkladové slovníky  |2 SNKPH  |9 69007 
919 |a 2-226-15902-9 
999 |c 1163884  |d 1165814 
952 |t snkTHE 27(091)  |a SNKUST  |b SNKUST  |y PREZ  |7 0  |p 17A0482834  |o snkIC 132509  |i snk2005/15900  |8 2  |g 21.91  |0 0  |1 0  |4 0  |d 2005-08-30  |l 0  |r 2025-03-20 00:00:00  |w 2026-02-24